000 00528am a2200205a 44500
003 AR-BaBNM
005 20251128202722.0
008 264019s1967 #AR|||||||||||000 | esp||
040 _cAR-BaBNM
100 1 _aBuck, Pearl S.
245 1 0 _aPuente de paso
260 _aBarcelona
_bPlaneta
_c1967
650 4 _aLITERATURA CONTEMPORANEA
650 4 _aNOVELAS
650 4 _aLITERATURA ESTADOUNIDENSE
653 _aLITERATURA DE VIAJES
700 1 _aGonzález de Jacobson, Joaquina
_etraductor
942 _cBK
998 _cLomberg
999 _c233
_d233